000 00604nam a2200217Ia 4500
005 20241129111442.0
008 241129s9999||||xx |||||||||||||| ||und||
020 _a978-81-19533-38-1
037 _aTB
040 _aCRL
_beng
_cCRL
041 _aurd
_2urd
084 _aS:70aT 168R3
_qCRL
100 _aJass Harpreet Kaur Au.
_9724447
245 0 _aIntiqaye khudi aur taleem
_cJass Harpreet Kaur Au.
260 _aDelhi, India
_bArshia Publications
_c2023
300 _a116p.
365 _aINR
_b250
650 _aPsychology
942 _cTB
_hS:70aT 168R3
999 _c1230533
_d1230533